[Event "FWCM 2013"]
[Site "Chennai"]
[Date "2013.11.09"]
[Round "1"]
[White "Carlsen, Magnus"]
[Black "Anand, Viswanathan"]
[Result "1/2-1/2"]
[WhiteElo "2870"]
[BlackElo "2775"]
[PlyCount "33"]
[EventDate "2013.??.??"]
[EventCountry "IND"]

{D78: Grünfeldindisch (Fianchetto 6.0-0 c6)} 1. Nf3 d5 2. g3 g6 3. Bg2 Bg7 4.
d4 c6 5. O-O Nf6 6. b3 O-O 7. Bb2 Bf5 8. c4 Nbd7 (8... h6 9. e3 e6 10. Nc3 Ne4
11. Qe2 Nxc3 12. Bxc3 Be4 13. Rfc1 Nd7 14. Bf1 g5 15. Nd2 Bg6 16. e4 Qb6 17. b4
Rae8 18. e5 f6 19. exf6 Bxf6 20. Bh3 Kh7 21. Nb3 Qa6 22. b5 cxb5 23. cxb5 {
Navara,D (2633)-Hernandez Guerrero,G (2549) Dresden 2008 1-0 (56)}) 9. Nc3 dxc4
$146 (9... Ne4 10. e3 Nxc3 11. Bxc3 Be4 12. Qe2 Qb6 13. Rfd1 Rfd8 14. Bh3 Bxf3
15. Qxf3 Nf6 16. Qe2 Ne4 17. Bb2 e6 18. Bg2 {1/2-1/2 (18) Huzman,A (2580)-Nunn,
J (2615) Amsterdam 1995}) 10. bxc4 Nb6 11. c5 Nc4 12. Bc1 Nd5 13. Qb3 Na5 14.
Qa3 Nc4 15. Qb3 Na5 16. Qa3 Nc4 (16... b6 17. Re1 $11) 17. Qa4 1/2-1/2

[Event "FWCM 2013"]
[Site "Chennai"]
[Date "2013.11.10"]
[Round "2"]
[White "Anand, Viswanathan"]
[Black "Carlsen, Magnus"]
[Result "1/2-1/2"]
[WhiteElo "2775"]
[BlackElo "2870"]
[PlyCount "50"]
[EventDate "2013.??.??"]
[EventCountry "IND"]

1. e4 c6 2. d4 d5 3. Nc3 (3. e5 Bf5 4. Nf3 e6 5. Be2 Nd7 6. O-O Bg6 7. Nbd2 Nh6
8. c4 Be7 9. Qb3 Rb8 10. Qc3 O-O 11. c5 f6 12. exf6 Bxf6 13. b4 Nf7 14. Nb3 e5
15. Be3 Re8 16. Rfe1 e4 17. Nfd2 Nh6 18. Nf1 Nf5 19. Bf4 Rc8 20. Ne3 Nf8 21.
Bg4 Nxe3 22. fxe3 Ne6 23. Bd6 h5 24. Bh3 Ra8 25. Na5 Qd7 26. Rf1 b6 27. Nb3 Qb7
28. a4 Ng5 29. Bf5 Bxf5 30. Rxf5 Qd7 31. Raf1 Nf3+ 32. R1xf3 exf3 33. Rxf3 bxc5
34. bxc5 Re6 35. Qd3 Rae8 36. Nd2 Qb7 37. h3 Qb4 38. Nf1 Qb7 39. Ng3 Qf7 40.
Be5 h4 41. Ne2 Rxe5 42. dxe5 Rxe5 43. Nd4 Qe8 44. a5 Re4 45. Nf5 Qe5 46. Nd4
Qc7 47. a6 Bxd4 48. exd4 Qe7 49. Rf1 Qg5 50. Rb1 Kh7 51. Rf1 Kh6 52. Rf3 Qg6
53. Kh2 Qe6 54. Qd2+ Kh7 55. Qf2 Qh6 56. Rf5 Qg6 57. Qf3 Rxd4 58. Rh5+ Kg8 59.
Rf5 Re4 60. Rf8+ Kh7 61. Ra8 Qg5 62. Qc3 Qf4+ 63. Kh1 Qf1+ 64. Kh2 Re1 65. Qc2+
g6 66. Rxa7+ Kh6 67. Qd2+ g5 68. Qxe1 Qxe1 69. Rb7 Qe5+ 70. Kh1 Qa1+ {0-1 (70)
Karjakin,S (2727)-Carlsen,M (2775) Moscow 2008}) 3... dxe4 4. Nxe4 Bf5 5. Ng3
Bg6 6. h4 h6 7. Nf3 e6 (7... Nd7 8. h5 Bh7 9. Bd3 Bxd3 10. Qxd3 e6 11. Bf4 Qa5+
12. Bd2 Bb4 13. c3 Be7 14. c4 Qc7 15. O-O-O Ngf6 16. Kb1 O-O 17. Qe2 b5 18. c5
Rfd8 19. Nf1 Ng4 20. Ne1 Ngf6 21. g4 Nd5 22. Nf3 Nf8 23. Rg1 Nh7 24. Ne5 Bg5
25. Ng3 Rac8 26. Ne4 Nf4 27. Qf3 Nd5 28. Nd6 Bxd2 29. Rxd2 Ng5 30. Qe2 Rxd6 31.
cxd6 Qxd6 32. Rc1 f6 33. Ng6 Nf4 34. Qe3 Nd5 35. Qb3 Kf7 36. Rdc2 Rc7 37. f4
Nxf4 38. Qg3 e5 39. dxe5 fxe5 40. Qb3+ Nge6 41. Rxc6 Rxc6 42. Rxc6 Qd4 43. Nxf4
Qe4+ 44. Qc2 Qxc2+ 45. Rxc2 exf4 46. Kc1 Kf6 47. Rc6 Ke5 48. Ra6 f3 49. Kd2 {
1-0 (49) Anand,V (2788)-Bareev,E (2634) Moscow 2009}) 8. Ne5 Bh7 9. Bd3 Bxd3
10. Qxd3 Nd7 11. f4 Bb4+ 12. c3 Be7 13. Bd2 Ngf6 14. O-O-O (14. Qe2 c5 15. dxc5
Qc7 16. b4 O-O 17. O-O a5 18. a3 Nxe5 19. fxe5 Nd7 20. Ne4 axb4 21. cxb4 Qxe5
22. Bc3 Qc7 23. Rad1 Rad8 24. Qg4 g6 25. Nd6 e5 26. Qc4 Nb6 27. Qe4 Nd7 28. h5
gxh5 29. Qf5 Bf6 30. Qxh5 Qc6 31. Rxf6 Nxf6 32. Qxe5 {1-0 (32) Anand,V (2783)
-Ding,L (2707) Paris/St Petersburg 2013}) 14... O-O (14... c5 15. Be3 O-O 16.
Kb1 Qc7 17. Ne4 Nxe4 18. Qxe4 Nxe5 19. dxe5 Rfd8 20. h5 Rxd1+ 21. Rxd1 Rd8 22.
Rxd8+ Qxd8 23. Kc2 Qd7 24. b3 Bf8 25. g4 Qb5 26. Bd2 Qa6 27. Kb2 Qf1 28. Qxb7
Qe2 29. Kc2 Qxg4 30. Qxa7 Qxh5 31. Qb7 Qg6+ 32. Kc1 Qg1+ 33. Kc2 h5 34. a4 h4
35. Qf3 c4 36. b4 Qa1 37. f5 Qxa4+ 38. Kc1 exf5 39. Qxf5 Qc6 40. Qg4 Be7 41.
Kb2 Qd5 42. Be3 Qxe5 43. Bd4 Qh2+ 44. Ka3 Bf8 45. Qc8 h3 46. Ka4 Qc2+ 47. Kb5
h2 48. Qa8 Qc1 {0-1 (48) Inarkiev,E (2693)-Eljanov,P (2702) Poikovsky 2013})
15. Ne4 (15. Qf3 Qc7 16. Rde1 c5 17. d5 Nxd5 18. c4 Nb4 19. a3 Nc6 20. Nxc6
Qxc6 21. Qxc6 bxc6 22. Ne4 Nf6 23. Bc3 Nxe4 24. Rxe4 Bf6 25. Bxf6 gxf6 26. Rd1
Rad8 27. h5 Rxd1+ 28. Kxd1 Rd8+ 29. Kc2 Kf8 30. b4 Ke7 31. g3 cxb4 32. axb4 a5
33. Kc3 axb4+ 34. Kxb4 Rd3 35. Kc5 f5 36. Re2 Rxg3 37. Kxc6 Rf3 38. c5 Rxf4 39.
Rc2 Rb4 40. Rd2 f4 41. Rf2 Kf6 42. Kd7 Rd4+ 43. Ke8 Rc4 44. c6 e5 45. Kd7 Kf5 {
0-1 (45) Kroeze,F (2446)-Lauber,A (2417) Germany 2008}) 15... Nxe4 16. Qxe4
Nxe5 (16... f5 17. Qe2 Nxe5 18. dxe5 Qd5 19. c4 Qd7 20. Bb4 Qe8 21. Bd6 c5 22.
Qf3 b6 23. Bxe7 Qxe7 24. Rd6 Rad8 25. Qc6 Rc8 26. Qd7 Qxd7 27. Rxd7 Rf7 28. Rd6
Re7 29. h5 Kf7 30. Kd2 Ree8 31. Rd7+ Re7 32. Rd6 Ree8 33. Rd7+ Re7 34. Rd3 Ree8
35. Ke3 Red8 36. Rhd1 Ke7 37. Kf3 Rxd3+ 38. Rxd3 Rd8 39. Ra3 Rd7 40. g4 Kd8 41.
gxf5 exf5 42. Ke3 a5 43. Rb3 Kc7 44. Ke2 Rd4 45. Rg3 Rxf4 46. Rxg7+ Kd8 47. b3
Rh4 48. Kf3 a4 49. Rb7 axb3 50. axb3 Rxh5 51. Kf4 Rh3 52. Rxb6 Kc7 53. e6 Rh1
54. Ra6 h5 55. Kxf5 Re1 56. Ra7+ Kc6 57. Rh7 Kd6 58. Rd7+ Kc6 59. Rd3 Rf1+ 60.
Kg5 Re1 61. Kf6 h4 62. e7 h3 63. Rxh3 Rf1+ 64. Ke6 {1-0 (64) Smeets,J (2613)
-Lauber,A (2465) Germany 2012}) 17. fxe5 Qd5 18. Qxd5 (18. Qg4 f5 19. Qg6 Qxa2
20. Bxh6 Rf7 21. g4 fxg4 22. Qxg4 a5 23. Rhg1 Bf8 24. Kc2 a4 25. Rdf1 Qb3+ 26.
Kd3 Rxf1 27. Rxf1 Qb5+ 28. c4 Qb3+ 29. Ke4 {1/2-1/2 (29) Epure,C (2411)
-Tikhobaev,A (2227) ICCF email 2010}) 18... cxd5 19. h5 b5 20. Rh3 a5 21. Rf1
Rac8 22. Rg3 Kh7 23. Rgf3 Kg8 24. Rg3 Kh7 25. Rgf3 Kg8 1/2-1/2

[Event "FWCM 2013"]
[Site "Chennai"]
[Date "2013.11.12"]
[Round "3"]
[White "Carlsen, Magnus"]
[Black "Anand, Viswanathan"]
[Result "1/2-1/2"]
[WhiteElo "2870"]
[BlackElo "2775"]
[Annotator "Gmuer,Albi"]
[PlyCount "102"]
[EventDate "2013.??.??"]
[EventCountry "IND"]

1. Nf3 d5 2. g3 g6 3. c4 {Die Abweichung von der zweiten Partie.} (3. Bg2 Bg7
4. d4 c6 5. O-O Nf6 6. b3 O-O 7. Bb2 Bf5 8. c4 Nbd7 9. Nc3 dxc4 10. bxc4 Nb6
11. c5 Nc4 12. Bc1 Nd5 13. Qb3 Na5 14. Qa3 Nc4 15. Qb3 Na5 16. Qa3 Nc4 {1/2-1/
2 (16) Carlsen,M (2870)-Anand,V (2775) Chennai IND 2013}) 3... dxc4 (3... d4 4.
Bg2 Bg7 5. d3 {führt zu einer typischen Réti-Struktur.}) ({Eine Alternative
war auch} 3... c6 {z.B.:} 4. Bg2 Nf6 5. b3 Bg7 6. Bb2 {usw.}) 4. Qa4+ ({Auch} 
4. Na3 {wurde schon gespielt, z.B.:} Bg7 5. Nxc4 b5 6. Ne3 Nd7 7. Bg2 Bb7 8.
Qb3 Rb8 9. a4 b4 10. O-O e6 11. d3 Ne7 12. Nc4 O-O 13. Be3 c5 14. Bf4 Ra8 15.
a5 Nf5 16. e4 Nd4 17. Nxd4 Bxd4 18. Bh6 Bg7 19. Be3 Qe7 20. a6 Bc6 21. Na5 Rac8
22. Nxc6 Rxc6 23. e5 Nxe5 24. Bxc6 Nxc6 25. Rfc1 Nd4 26. Qc4 Qd8 27. Bxd4 Bxd4
28. Rc2 Qb6 29. Qb3 Rb8 30. Qc4 h5 31. Re2 Kg7 32. Ra2 Qc6 33. Re4 Rb6 34. b3
Qd7 35. Ra5 Kg8 36. Kg2 Qc6 37. Kg1 Qd7 38. Kg2 Qc6 39. Kg1 Qd7 40. Kg2 Qc6 {
1/2-1/2 (40) Vitiugov,N (2734)-Prizant,J (2515) Yekaterinburg 2013}) 4... Nc6
5. Bg2 Bg7 6. Nc3 ({Oder} 6. Qxc4 Nf6 (6... e5) 7. Nc3 O-O 8. d3 e5 9. O-O h6
10. Be3 Re8 11. Rac1 Be6 12. Qa4 Nd5 13. Nxd5 Bxd5 14. Rc5 Ne7 15. Rfc1 c6 16.
Bd2 b6 17. R5c2 c5 18. Qh4 g5 19. Qa4 Ng6 20. Ne1 a5 21. a3 Bxg2 22. Nxg2 f5
23. Qb5 a4 24. b3 axb3 25. Qxb3+ Kh7 26. Rb1 e4 27. dxe4 Rxe4 28. Bc3 Bxc3 29.
Qxc3 Rd4 30. Ne3 f4 31. Nf5 Rd1+ 32. Kg2 Qd5+ 33. f3 Ra7 34. Rxd1 Qxd1 35. Rd2
Qb1 36. Qf6 fxg3 37. hxg3 Qe1 38. Qxb6 Rg7 39. Qf6 Ra7 40. Rb2 c4 41. Qe6 g4
42. fxg4 Qa5 43. Rb8 {1-0 (43) Ponomariov,R (2743)-Najer,E (2633)
Khanty-Mansiysk 2013}) 6... e5 7. Qxc4 Nge7 8. O-O O-O 9. d3 h6 ({In einer
alten Partie geschah:} 9... Be6 10. Qh4 Nf5 11. Qxd8 Rfxd8 12. Ng5 Bd7 13. Nge4
Nfe7 14. Bg5 h6 15. Nf6+ Kh8 16. Nxd7 Rxd7 17. Be3 Rb8 18. Rfc1 Nd4 19. Kf1 c5
20. Rab1 b6 21. b4 cxb4 22. Rxb4 Rc8 23. Rbb1 Rdc7 24. Bd2 Nef5 25. e3 Ne6 26.
Nb5 Rxc1+ 27. Rxc1 Rxc1+ 28. Bxc1 a6 29. Nc3 Nc5 30. Ke2 Kg8 31. g4 Nd6 32. Bc6
Bf8 33. Nd5 f5 34. gxf5 gxf5 35. Nxb6 e4 36. d4 Nd3 37. Bd2 Nb5 38. Bb7 Nb4 39.
a4 Nd6 40. Ba8 a5 {1-0 (40) Stein,L-Averbakh,Y Riga 1970}) 10. Bd2 Nd4 $146 {
Ein neuer Zug.} ({Gespielt wurde bisher} 10... Be6 {z.B.:} 11. Qa4 Nd4 12. Rfc1
f5 13. Ne1 c5 14. Bxb7 Rb8 15. Bg2 Rxb2 16. Be3 Nxe2+ 17. Nxe2 Rxe2 18. Bxc5 e4
19. d4 f4 20. Rc2 Rxc2 21. Qxc2 e3 22. fxe3 fxe3 23. Qe4 Qd7 24. Nf3 Re8 25.
Qxe3 Nf5 26. Qf2 Bd5 27. Re1 Rxe1+ 28. Qxe1 Bxf3 29. Bxf3 Nxd4 30. Bg2 a6 31.
Kh1 Qf5 32. Bb6 Kh7 33. a4 a5 34. Qd1 Qe5 35. Qf1 h5 36. Bd8 Qe8 37. Bxa5 Qxa4
38. Bc3 Nf5 39. Bxg7 Kxg7 40. Qc1 {1/2-1/2 (40) Kuzubov,Y (2624)-Negi,P (2607)
New Delhi 2011}) ({und} 10... Nf5 {z.B.:} 11. Rac1 Be6 12. Qa4 Nd6 13. Be3 Qd7
14. Rfd1 Nf5 15. Bd2 Nd6 16. Be3 Nf5 17. Bc5 Rfd8 18. Nd2 Nfe7 19. Bxe7 Nxe7
20. Bxb7 Rab8 21. Bf3 Rxb2 22. Qxa7 Nf5 23. e3 Bf8 24. Nc4 Bxc4 25. dxc4 Qc8
26. c5 h5 27. Qa3 Rb8 28. Rxd8 Qxd8 29. Ne4 Ng7 30. Qa6 Ne6 31. Rd1 Qc8 32. Qc6
Bg7 33. a4 Rb2 34. a5 Ra2 35. Nd6 Qd8 36. Nxf7 Qf6 37. Ng5 Nxg5 38. Bd5+ Kh7
39. Qxf6 Nh3+ 40. Kg2 {1-0 (40) Reshevsky,S (2565)-Bisguier,A (2430) New York
1972}) ({Relevant:} 10... Be6 11. Qa4 Nd4 12. Rfc1 f5 13. Ne1 c5 14. Bxb7 Rb8
15. Bg2 Rxb2 16. Be3 Nxe2+ 17. Nxe2 Rxe2 18. Bxc5 e4 19. d4 f4 20. Rc2 Rxc2 21.
Qxc2 e3 22. fxe3 fxe3 23. Qe4 Qd7 24. Nf3 Re8 25. Qxe3 Nf5 26. Qf2 Bd5 27. Re1
Rxe1+ 28. Qxe1 Bxf3 29. Bxf3 Nxd4 30. Bg2 a6 31. Kh1 Qf5 32. Bb6 Kh7 33. a4 a5
34. Qd1 Qe5 35. Qf1 h5 36. Bd8 Qe8 37. Bxa5 Qxa4 38. Bc3 Nf5 39. Bxg7 Kxg7 40.
Qc1 {Kuzubov,Y (2624)-Negi,P (2607) New Delhi 2011 1/2-1/2}) 11. Nxd4 exd4 12.
Ne4 c6 ({Ein Fehler wäre} 12... Be6 13. Qc1 Kh7 14. Nc5 Bd5 15. Nxb7 {mit
Bauernverlust.}) 13. Bb4 Be6 14. Qc1 Bd5 15. a4 (15. Qf4 $6 {Mit der Idee Sf6.}
f5 16. Nc5 (16. Nd2 Bxg2 17. Kxg2 c5 18. Ba3 (18. Bxc5 $2 Qd5+ $19) 18... b6
$17) 16... Bxg2 17. Kxg2 Nd5 18. Qd2 Rf6 $17) 15... b6 ({In Betracht kam} 15...
a5 $5 16. Bxe7 {Überlässt Schwarz das Läuferpaar.} (16. Ba3 b6 {gefolgt von c5
sperrt den La3 aus.}) 16... Qxe7 17. Qc5 Rfe8 $15) 16. Bxe7 Qxe7 17. a5 Rab8 (
17... c5 $6 {erlaubt} 18. Nf6+ Bxf6 19. Bxd5 Rad8 20. Bf3 $14) 18. Re1 (18. Bf3
$5 {mit der Idee} f5 19. Nd2 Bxf3 20. exf3) 18... Rfc8 (18... c5 $6 19. axb6
axb6 20. Nf6+ Qxf6 21. Bxd5 $14 {und Weiss behält den besseren Läufer}) 19.
axb6 axb6 20. Qf4 {Mit der Drohung Sd6 und Lxd5.} Rd8 (20... Qe5 21. Qxe5 Bxe5
22. f4 Bg7 23. Nd6 Rd8 24. Bxd5 Rxd6 25. Bf3 c5 26. Ra7 $14) 21. h4 (21. Bf3
Ra8 22. h4 $11) ({Nach} 21. Nd2 g5 {könnte es zur Stellungswiederholung kommen:
} 22. Qf5 Be6 23. Qf3 Bd5 24. Qf5 $11) (21. Ra6 $6 g5 22. Qc1 (22. Qd2 $4 f5
$19) 22... c5 {mit der Idee} 23. -- f5 24. Nd2 Bxg2 25. Kxg2 Qb7+ $19) 21...
Kh7 22. Nd2 Be5 23. Qg4 {Hier zog Carlsen sein Jackett wieder an, vielleicht
weil er mit einem Remis durch Stellungswiederholung rechnete, aber.. .} h5 (
23... Be6 24. Qf3 Bd5 25. Qg4 (25. e4 $5 dxe3 26. Qxe3 Re8 27. d4 Bd6 28. Qxe7
Bxe7 29. Bxd5 cxd5 30. Re5 $14) 25... Be6 26. Qf3 $11 {wäre ein Weg zum Remis.}
) 24. Qh3 Be6 25. Qh1 {Eine sehr ungewöhnliche Position für die Dame.} c5 {
Schwarz steht angenehmer.} 26. Ne4 ({Nicht} 26. Bh3 $2 Bxg3 27. fxg3 Bxh3 28.
Qxh3 Qe3+ 29. Kh2 Qxd2 $19) 26... Kg7 27. Ng5 b5 {Schwarz besitzt nun mit dem
Vormarsch der Bauern am Damenflügel einen klaren Plan. Es droht c4, später c3.
Anand hatte hier noch 24 Minuten auf der Uhr, Carlsen 16 Minuten.} 28. e3 $5 {
Auf der Suche nach aktivem Spiel.} (28. Ra6 Bc8 {mit der Idee} 29. Rc6 $2 Bb7
$19) (28. Nxe6+ Qxe6 29. Qh3 Qxh3 30. Bxh3 c4 {ist günstig für Schwarz.}) 28...
dxe3 29. Rxe3 Bd4 (29... Bxb2 {ist der prinzipielle Zug:} 30. Rae1 (30. Nxe6+
$2 fxe6 31. Rae1 e5 $19) 30... Rb6 {z.B.:} 31. Bd5 Bd4 (31... Rxd5 32. Nxe6+
fxe6 33. Qxd5 exd5 34. Rxe7+ Kf6 35. Rh7 c4 36. Ree7 Re6 37. Rhf7+ Ke5 38. dxc4
bxc4 39. Rxe6+ Kxe6 40. Rc7 Be5 41. Rc6+ Kd7 42. Rc5 Kd6 43. Rc8 $11) 32. Rxe6
fxe6 33. Rxe6 Qf8 34. Qg2 Rdd6 35. Re2 Qf6 $17) 30. Re2 c4 31. Nxe6+ fxe6 {
Anand 17 Minuten Rest, Carlsen 10 Minuten.} 32. Be4 cxd3 33. Rd2 (33. Bxd3 $2
Bxf2+ 34. Kxf2 Rxd3 $16) 33... Qb4 (33... Rf8 $5 34. Bxd3 Qd6 35. Qg2 {mit der
forcierten Abwicklung} Rxf2 36. Rxf2 Rf8 37. Raf1 Bxf2+ 38. Rxf2 Rxf2 39. Qxf2
Qxd3 40. Kg2 e5 {vielleicht mit praktischen Gewinnchancen für Weiss.}) 34. Rad1
Bxb2 (34... Rf8 $5 {mit der Drohung Txf2} 35. Kh2 Bxf2 36. Rxd3 Rbe8 37. R1d2
$15) 35. Qf3 Bf6 (35... Bd4 $5) 36. Rxd3 Rxd3 37. Rxd3 Rd8 38. Rxd8 Bxd8 39.
Bd3 Qd4 (39... Qe1+ 40. Kg2 Qe5 41. Qb7+ Kf6 42. Qf3+ $11) 40. Bxb5 Qf6 41.
Qb7+ Be7 {Carlsen lehnte hier noch ein Remisangebot ab.} 42. Kg2 g5 43. hxg5
Qxg5 44. Bc4 h4 45. Qc7 hxg3 46. Qxg3 e5 47. Kf3 Qxg3+ 48. fxg3 Bc5 49. Ke4 Bd4
50. Kf5 Bf2 51. Kxe5 Bxg3+ 1/2-1/2